Countries with 3+ consecutive consonants (Americas) Quiz Stats

 Plays Quiz not verified by Sporcle

Score 0/6 Timer 01:00
0 Plays Today
Country % Correct
United States of America
92.3%
Saint Kitts and Nevis
84.6%
Saint Lucia
84.6%
Saint Vincent and the Grenadines
84.6%
Trinidad and Tobago
73.1%
Antigua and Barbuda
65.4%

You're not logged in!

Compare scores with friends on all Sporcle quizzes.
OR
Log In

Sporcle TV

Today on Sporcle TV


Watch our educational content, quiz creation guides, and fun videos on Sporcle TV.

Show Comments

Extras

Top Quizzes Today


Score Distribution

Your Account Isn't Verified!

In order to create a playlist on Sporcle, you need to verify the email address you used during registration. Go to your Sporcle Settings to finish the process.

Report this User

Report this user for behavior that violates our Community Guidelines.

Details: